Statystyki dla Quiz o mundialu 2022

Kliknij tutaj aby rozwiązać quiz!

Ogólne statystyki

  • Ten quiz został rozwiązany 564 razy
  • Średni wynik to 11 z 14

Statystyki odpowiedzi

PytanieOdpowiedź% Poprawnych
Jakie państwo wygrało
Turniej?
Argentyna
99%
Jakie państwo
Było gospodarzem?
Katar
99%
Czy Polska wyszła z
Grupy?
Tak
93%
Jak nazywa się państwo
Z którego pochodził król
Strzelców?
Francja
91%
A kto przegrał z [...] Mecz
O trzecie miejsce?
Maroko
88%
Jakie państwo wygrało
Mecz o trzecie miejsce?
Chorwacja
87%
Jakie imię i nazwisko
Ma król strzelców?
Kylian mbappe
83%
Jakie imię i nazwisko miał
Kapitan drużyny
Wygrywającej?
Lionel messi
81%
Państwo które kiedyś było
Mistrzem świata nie dostało
Się na mundial 2022 jakie to
Państwo?
Włochy
79%
A kto powinien nim być?Szczęsny
78%
Kto był kapitanem
Reprezentacji Polski?
Robert Lewandowski
75%
Kto był najlepszym
Bramkarzem turnieju?
Martinez
74%
W jakiej grupie była
Polska?
Grupa c
64%
Kto był najgorszym piłkarzem
Reprezentacji Polski na tym
Turnieju?
Grzegorz krychowiak
30%

Rozkład punktacji

Percentyl według liczby udzielonych odpowiedzi

Procent ludzi z każdym wynikiem

Twoja historia wyników

Nie rozwiązałeś tego quizu